<?xml version="1.0" encoding="UTF-8"?>
<record
    xmlns:xsi="http://www.w3.org/2001/XMLSchema-instance"
    xsi:schemaLocation="http://www.loc.gov/MARC21/slim http://www.loc.gov/standards/marcxml/schema/MARC21slim.xsd"
    xmlns="http://www.loc.gov/MARC21/slim">

  <leader>00752nam a2200205Ia 4500</leader>
  <controlfield tag="001">12679</controlfield>
  <controlfield tag="003">GE_BSU</controlfield>
  <controlfield tag="008">181216s||||||||xx |||||||||||||| ||und||</controlfield>
  <datafield tag="040" ind1=" " ind2=" ">
    <subfield code="c">GE_BSU</subfield>
  </datafield>
  <datafield tag="080" ind1=" " ind2=" ">
    <subfield code="a">632</subfield>
  </datafield>
  <datafield tag="100" ind1=" " ind2=" ">
    <subfield code="a">&#x411;&#x435;&#x440;&#x435;&#x437;&#x438;&#x43D;&#x430;,&#x412;.&#x41C;.  &#x413;&#x43B;&#x435;&#x431;&#x43E;&#x432;,&#x41C;.&#x410;.  &#x418;&#x432;&#x430;&#x43D;&#x43E;&#x432;&#x430;,&#x41D;.&#x410;.</subfield>
  </datafield>
  <datafield tag="245" ind1=" " ind2=" ">
    <subfield code="a">&#x412;&#x440;&#x435;&#x434;&#x438;&#x442;&#x435;&#x43B;&#x438; &#x438; &#x431;&#x43E;&#x43B;&#x435;&#x437;&#x43D;&#x438; &#x43F;&#x43E;&#x43B;&#x435;&#x437;&#x430;&#x449;&#x438;&#x442;&#x43D;&#x44B;&#x445; &#x43B;&#x435;&#x441;&#x43D;&#x44B;&#x445; &#x43D;&#x430;&#x441;&#x430;&#x436;&#x434;&#x435;&#x43D;&#x438;&#x438; &#x438; &#x43C;&#x435;&#x440;&#x44B; &#x431;&#x43E;&#x440;&#x44C;&#x431;&#x44B; &#x441; &#x43D;&#x438;&#x43C;&#x438;</subfield>
  </datafield>
  <datafield tag="245" ind1=" " ind2=" ">
    <subfield code="c">&#x41F;&#x43E;&#x434;.&#x440;&#x435;&#x434;.&#x412;.&#x41D;.&#x421;&#x442;&#x430;&#x440;&#x43A;&#x430;</subfield>
  </datafield>
  <datafield tag="260" ind1=" " ind2=" ">
    <subfield code="a">&#x41C;-&#x41B;</subfield>
  </datafield>
  <datafield tag="260" ind1=" " ind2=" ">
    <subfield code="b">&#x421;&#x435;&#x43B;&#x44C;&#x445;&#x43E;&#x437;&#x433;&#x438;&#x437;</subfield>
  </datafield>
  <datafield tag="260" ind1=" " ind2=" ">
    <subfield code="c">1951</subfield>
  </datafield>
  <datafield tag="300" ind1=" " ind2=" ">
    <subfield code="a">324&#x441;&#x442;&#x440;.21&#x441;&#x43C;.</subfield>
  </datafield>
  <datafield tag="653" ind1=" " ind2=" ">
    <subfield code="a">&#x412;&#x440;&#x435;&#x434;&#x438;&#x442;&#x435;&#x43B;&#x438; &#x438; &#x431;&#x43E;&#x43B;&#x435;&#x437;&#x43D;&#x438; &#x43F;&#x43E;&#x43B;&#x435;&#x437;&#x430;&#x449;&#x438;&#x442;&#x43D;&#x44B;&#x445; &#x43B;&#x435;&#x441;&#x43D;&#x44B;&#x445; &#x43D;&#x430;&#x441;&#x430;&#x436;&#x434;&#x435;&#x43D;&#x438;&#x438; &#x438; &#x43C;&#x435;&#x440;&#x44B; &#x431;&#x43E;&#x440;&#x44C;&#x431;&#x44B; &#x441; &#x43D;&#x438;&#x43C;&#x438;</subfield>
  </datafield>
  <datafield tag="942" ind1=" " ind2=" ">
    <subfield code="c">BK</subfield>
  </datafield>
  <datafield tag="999" ind1=" " ind2=" ">
    <subfield code="c">45850</subfield>
    <subfield code="d">45850</subfield>
  </datafield>
  <datafield tag="952" ind1=" " ind2=" ">
    <subfield code="0">0</subfield>
    <subfield code="1">0</subfield>
    <subfield code="4">0</subfield>
    <subfield code="7">0</subfield>
    <subfield code="9">60143</subfield>
    <subfield code="d">2018-12-17</subfield>
    <subfield code="p">20938</subfield>
    <subfield code="r">2018-12-17</subfield>
    <subfield code="w">2018-12-17</subfield>
    <subfield code="y">BK</subfield>
  </datafield>
</record>
